Confessions in dialogue : (Record no. 6918)

MARC details
000 -LEADER
fixed length control field 01091nam a2200265Ia 4500
001 - CONTROL NUMBER
control field 24269279
003 - CONTROL NUMBER IDENTIFIER
control field AUA.1
005 - DATE AND TIME OF LATEST TRANSACTION
control field 20201225065108.0
008 - FIXED-LENGTH DATA ELEMENTS--GENERAL INFORMATION
fixed length control field 910822s1972 sz 000 0 eng d
040 ## - CATALOGING SOURCE
Original cataloging agency ISB
Transcribing agency ISB
049 ## - LOCAL HOLDINGS (OCLC)
Holding library EXNW
Copy statement 1
050 ## - LIBRARY OF CONGRESS CALL NUMBER
Classification number BX 8.2
Item number .E57 1972
090 ## - LOCALLY ASSIGNED LC-TYPE CALL NUMBER (OCLC); LOCAL CALL NUMBER (OCLC)
Classification number (OCLC) (R) ; Classification number, CALL (RLIN) (NR) BX8.2
Local cutter number (OCLC) ; Book number/undivided call number, CALL (RLIN) .E57
100 1# - MAIN ENTRY--PERSONAL NAME
Personal name Ehrenström, Nils
9 (RLIN) 23632
245 10 - TITLE STATEMENT
Title Confessions in dialogue :
Remainder of title a survey of bilateral conversations among world confessional families 1962-1971 /
Statement of responsibility, etc by Nils Ehrenström and Gunther Gassmann.
260 ## - PUBLICATION, DISTRIBUTION, ETC. (IMPRINT)
Place of publication, distribution, etc Geneva :
Name of publisher, distributor, etc World Council of Churches,
Date of publication, distribution, etc 1972.
300 ## - PHYSICAL DESCRIPTION
Extent 166 p. ;
Dimensions 21 cm.
490 1# - SERIES STATEMENT
Series statement Faith and order paper ;
Volume number/sequential designation no. 63.
500 ## - GENERAL NOTE
General note On t.p.: Sponsored by the Conference of Secretaries of World Confessional Families in cooperation with the Secretariat on Faith and Order of the World Council of Churches.
650 #0 - SUBJECT ADDED ENTRY--TOPICAL TERM
Topical term or geographic name as entry element Christian union conversations.
9 (RLIN) 23633
700 10 - ADDED ENTRY--PERSONAL NAME
Personal name Gassmann, Gunther.
9 (RLIN) 23634
710 20 - ADDED ENTRY--CORPORATE NAME
Corporate name or jurisdiction name as entry element World Council of Churches.
9 (RLIN) 23635
830 #0 - SERIES ADDED ENTRY--UNIFORM TITLE
Uniform title Faith and order paper ;
Volume number/sequential designation no. 63.
9 (RLIN) 23636
942 ## - ADDED ENTRY ELEMENTS (KOHA)
Source of classification or shelving scheme Library of Congress Classification
Koha item type Books
Classification part BX 8.2
Item part .E57 1972
Holdings
Withdrawn status Lost status Source of classification or shelving scheme Damaged status Not for loan Collection code Home library Current library Shelving location Date acquired Source of acquisition Cost, normal purchase price Serial Enumeration / chronology Full call number Barcode Date last seen Cost, replacement price Price effective from Koha item type
    Library of Congress Classification     Books Judith Thomas Library Judith Thomas Library General Stacks 03/08/2012 Donation, Dr. Russell Staples 10.00 AUA009511 BX 8.2 .E57 1972 AUA009511 03/08/2012 10.00 03/08/2012 Books